| 000 | 01171nam a2200253 a 4500 | ||
|---|---|---|---|
| 003 | BLK | ||
| 005 | 20250423100344.0 | ||
| 008 | 210813b bul |a||r|||| |0| ||bulo| | ||
| 020 | _a9786190112365 | ||
| 040 | _aBLK | ||
| 041 |
_aBUL _cBUL |
||
| 080 |
_aАмериканска литература (на САЩ) _b821.111(73) _z821.111(73)-93-34 |
||
| 100 |
_aМанли, Къртис _9489126 |
||
| 245 | 1 | 0 |
_aМомичето жерав _bПо мотиви на японски народни приказки _cадапт. Къртис Манли ; худож. Лин Уан ; прев. Мая Ненчева |
| 260 |
_aСофия _bИзток-Запад _c2023 _9210881 _n978-619-01- ; 978-619-152- ; 978-954-321- ; 954-8945- |
||
| 300 |
_a40 с. _bс цв. ил. _c22х25 см |
||
| 380 | _aDX | ||
| 500 | _aОриг. загл.: The grane girl / Curtis Manley За автора ; За илюстратора: с. 41 | ||
| 700 |
_aНенчева, Мая Атанасова _eпрев. от англ. _91021 |
||
| 852 |
_aЦб 322235 _bЦб |
||
| 942 |
_cKNG _n0 _s1 _06 |
||
| 944 |
_aED _c2024 _k30576 _lЦветомила Тодорова |
||
| 999 |
_c495463 _d495463 |
||